Whitesnake Discography - Statistics

General Stats
  • This quiz has been taken 50 times
    22 since last reset
  • The average score is 12 of 41
Answer Stats
Type Year Name % Correct
Album 1987 Whitesnake
95%
Album 1984 Slide It In
74%
Album 1981 Come an' Get It
68%
Album 1989 Slip of the Tongue
68%
Album 1979 Lovehunter
58%
Album 1980 Ready an' Willing
58%
Album 1982 Saints & Sinners
53%
Album 1978 Trouble
47%
Compilation 2002 Here I Go Again: The Whitesnake Collection
42%
Live Album 1980 Live ...in the Heart of the City
42%
Album 1997 Restless Heart
42%
Album 2011 Forevermore
37%
Compilation 1994 Greatest Hits
37%
Album 2019 Flesh & Blood
32%
EP 1978 Snakebite
32%
Compilation 2020 Love Songs
26%
Album 2015 The Purple Album
26%
Compilation 2000 20th Century Masters - The Millennium Collection: The Best of Whitesnake
21%
Compilation 2003 Best of Whitesnake
21%
Album 2008 Good to be Bad
21%
Live Album 2011 Live at Donington 1990B
21%
Live Album 1997 Starkers in Tokyo
21%
Compilation 2004 The Early Years
21%
Live Album 2017 The Purple Tour
21%
EP 1987 1987 Versions
16%
Box Set 2008 30th Anniversary Collection
16%
Live Album 2014 Live in 84: Back to the Bone
16%
Live Album 2006 Live... in the Shadow of the Blues
16%
Live Album 2006 Live... in the Still of the Night
16%
Live Album 2013 Made in Britain/The World Record
16%
Live Album 2013 Made in Japan
16%
Compilation 2021 The Blues Album
16%
Compilation 2020 The Rock Album
16%
Live Album 2018 Unzipped
16%
Box Set 2011 Box 'o' Snakes: The Sunburst Years 1978-1982
11%
Compilation 2006 Gold
11%
Compilation 2022 Greatest Hits: Revisited, Remixed, Remastered
11%
Compilation 2006 The Definitive Collection
11%
Box Set 1995 The Originals
11%
Compilation 2003 The Silver Anniversary Collection
11%
Box Set 2005 Chronicles: 3 Classic Albums
5%
No matching quizzes found
Score Distribution
Percent of People with Each Score
Percentile by Number Answered
Your Score History
You have not taken this quiz since the last reset